Times por Escudo - Liga FUTVE 2024 (Venezuela) - Statistics

Estatísticas Gerais
  • Esse quiz foi jogado 51 vezes
  • A pontuação média é 8 de 14
Estatísticas das Respostas
Imagem Resposta % Correto
Caracas
94%
Deportivo Táchira
88%
Metropolitanos
83%
Zamora
71%
Carabobo
69%
Deportivo La Guaira
69%
Portuguesa
65%
Monagas
63%
Estudiantes Mérida
60%
Puerto Cabello
58%
Rayo Zuliano
42%
Universidad Central
35%
Angostura
23%
Inter de Barinas
19%
Nenhum quiz correspondente encontrado
Distribuição das Pontuações
Porcentagem de Pessoas com Cada Pontuação
Percentil de Números Respondidos
Sua Pontuação Histórica
Você não jogou esse quiz